Water pollution : toxic contaminants /

Bibliographic Details
Main Author: Blodgett, John E.
Corporate Author: Library of Congress. Congressional Research Service
Format: Microform Book
Language:English
Published: [Washington, DC] : Library of Congress, Congressional Research Service, 1978.
Series:Major studies and issue briefs of the Congressional Research Service. Supplement ; 1976-78, reel 7, fr. 0594.
Subjects:

MARC

Tag First Indicator Second Indicator Subfields
LEADER 00000cam a2200000 a 4500
001 in00001367775
005 20151006083330.0
007 hd afa014baca
008 950614s1978 dcu a f000 0 eng d
035 |a (OCoLC)32651692 
035 |9 AHJ4819AM 
040 |a HDB  |c HDB  |d UtOrBLW 
049 |a TXAI 
090 |a JK1108  |b .M35 Suppl. 1976-78 reel 7, fr. 0594 
099 |a film  |a S  |a 1707  |a  1976-78, reel 7, fr. 0594. 
100 1 |a Blodgett, John E. 
245 1 0 |a Water pollution :  |b toxic contaminants /  |c John E. Blodgett. 
264 1 |a [Washington, DC] :  |b Library of Congress, Congressional Research Service,  |c 1978. 
300 |a 15 pages ;  |c 28 cm. 
336 |a text  |b txt  |2 rdacontent 
337 |a microform  |b h  |2 rdamedia 
338 |a microfilm reel  |b hd  |2 rdacarrier 
500 |a Cover title. 
500 |a "Date updated 03/08/78." 
500 |a "Issue brief number IB77071." 
500 |a "Date originated 06/01/77." 
500 |a "Environment and Natural Resources Policy Division." 
500 |a Includes bibliographical references. 
533 |a Microfilm.  |b Arlington, VA :  |c University Publications of America,  |d 1978.  |e on 1 microfilm reel ; 35 mm. Low reduction.  |f (Major studies and issue briefs of the Congressional Research Service. 1976-78 supplement ; reel 7, fr. 0594). 
500 |a Microform. 
650 0 |a Water  |x Pollution  |x Law and legislation  |z United States. 
650 0 |a Hazardous substances  |x Law and legislation  |z United States. 
710 2 |a Library of Congress.  |b Congressional Research Service. 
830 0 |a Major studies and issue briefs of the Congressional Research Service.  |p Supplement ;  |v 1976-78, reel 7, fr. 0594. 
999 |a MARS 
999 f f |s f0d26503-4e5e-384d-ab03-0c2e9f591152  |i 5464e019-31ae-3b5b-bfcf-315f915546b7  |t 0 
952 f f |p default  |a Texas A&M University  |b College Station  |c Sterling C. Evans Library  |d Evans: Microforms (3rd floor)  |t 0  |e film S 1707 1976-78, reel 7, fr. 0594.  |h Other scheme  |i microform -- microfilm reel 
998 f f |a film S 1707 1976-78, reel 7, fr. 0594.  |t 0  |l Evans: Microforms (3rd floor)